Southville International School and Colleges
Your cart is empty.
  • Cart
  • Lists
    Public lists list_1 View all
    Your lists Log in to create your own lists
  • Log in to your account
  • Your cookies
  • Search history
Southville International School and Colleges
  • Advanced search
  • Recent comments
  • Most popular
  • Libraries

Log in to your account

Log in with GOOGLE


If you do not have an external account, but do have a local account, you can still log in:

  1. Home
  2. MARC view: Accounting for decision making and control /
Normal view MARC view ISBD view

Accounting for decision making and control / (Record no. 275586)

[ view plain ]
MARC details
000 -LEADER
fixed length control field 01047cam a2200265 a 4500
005 - DATE AND TIME OF LATEST TRANSACTION
control field 20140924112251.0
008 - FIXED-LENGTH DATA ELEMENTS--GENERAL INFORMATION
fixed length control field 120913s2014 nyua 000 0 eng
010 ## - LIBRARY OF CONGRESS CONTROL NUMBER
LC control number 2012037346
020 ## - INTERNATIONAL STANDARD BOOK NUMBER
International Standard Book Number 9780071314756
040 ## - CATALOGING SOURCE
Original cataloging agency DLC
Transcribing agency DLC
Modifying agency DLC
042 ## - AUTHENTICATION CODE
Authentication code pcc
050 00 - LIBRARY OF CONGRESS CALL NUMBER
Classification number HF 5657.4
Item number .Z72 2014
100 1# - MAIN ENTRY--PERSONAL NAME
Personal name Zimmerman, Jerold L.,
Dates associated with a name 1947-
245 10 - TITLE STATEMENT
Title Accounting for decision making and control /
Statement of responsibility, etc Jerold L. Zimmerman.
250 ## - EDITION STATEMENT
Edition statement 8th ed.
Remainder of edition statement International student edition.
260 ## - PUBLICATION, DISTRIBUTION, ETC. (IMPRINT)
Place of publication, distribution, etc New York :
Name of publisher, distributor, etc McGraw-Hill,
Date of publication, distribution, etc c2014.
300 ## - PHYSICAL DESCRIPTION
Extent xvi, 680 pages :
Other physical details illustrations ;
Dimensions 26 cm.
440 #0 - SERIES STATEMENT/ADDED ENTRY--TITLE
Title McGraw-Hill international editions.
521 ## - TARGET AUDIENCE NOTE
Target audience note Accountancy
650 #0 - SUBJECT ADDED ENTRY--TOPICAL TERM
Topical term or geographic name as entry element Managerial accounting.
856 42 - ELECTRONIC LOCATION AND ACCESS
Public note Contributor biographical information
Uniform Resource Identifier <a href="http://www.loc.gov/catdir/enhancements/fy1305/2012037346-b.html">http://www.loc.gov/catdir/enhancements/fy1305/2012037346-b.html</a>
856 42 - ELECTRONIC LOCATION AND ACCESS
Public note Publisher description
Uniform Resource Identifier <a href="http://www.loc.gov/catdir/enhancements/fy1305/2012037346-d.html">http://www.loc.gov/catdir/enhancements/fy1305/2012037346-d.html</a>
856 41 - ELECTRONIC LOCATION AND ACCESS
Public note Table of contents only
Uniform Resource Identifier <a href="http://www.loc.gov/catdir/enhancements/fy1305/2012037346-t.html">http://www.loc.gov/catdir/enhancements/fy1305/2012037346-t.html</a>
942 ## - ADDED ENTRY ELEMENTS (KOHA)
Source of classification or shelving scheme Library of Congress Classification
Koha item type Books
Call number prefix Foreign
Holdings
Withdrawn status Lost status Source of classification or shelving scheme Damaged status Home library Current library Shelving location Date acquired Total Checkouts Full call number Barcode Date last seen Copy number Price effective from Koha item type Source of acquisition Cost, normal purchase price
Withdrawn   Library of Congress Classification   College Library College Library Reserve Section 12/19/2013   HF 5657.4 .Z72 2014 C17344 12/19/2013 1 12/19/2013 Books    
    Library of Congress Classification   College Library College Library Reserve Section 09/24/2014   HF 5657.4 .Z72 2014 C18616 05/15/2018   09/24/2014 Books Library Fund 3185.00

Accounting for decision making and control /

APA

Zimmerman J. L., . (2014). Accounting for decision making and control. New York: McGraw-Hill.

Chicago

Zimmerman Jerold L, . 2014. Accounting for decision making and control. New York: McGraw-Hill.

Harvard

Zimmerman J. L., . (2014). Accounting for decision making and control. New York: McGraw-Hill.

MLA

Zimmerman Jerold L, . Accounting for decision making and control. New York: McGraw-Hill. 2014.

  • Place hold
  • Print
  • Cite
  • Add to your cart (remove)
  • Save record
    BIBTEX Dublin Core MARCXML MARC (non-Unicode/MARC-8) MARC (Unicode/UTF-8) MARC (Unicode/UTF-8, Standard) MODS (XML) RIS
  • More searches
    Search for this title in:
    Other Libraries (WorldCat) Other Databases (Google Scholar) Online Stores (Bookfinder.com) Open Library (openlibrary.org)

Exporting to Dublin Core...

SOUTHVILLE LIBRARY

Southville International School and Colleges Library

1281 Tropical Ave. Cor. Luxembourg St., BF Homes International, Las Pinas City

Tel. No. 8256374 / 252358 Loc. 117/146

Powered by Koha